Srijanimulok jibanar babe siksha (Record no. 8991)

MARC details
000 -LEADER
fixed length control field 00513cam a2200205ua 4500
001 - CONTROL NUMBER
control field 10000
005 - DATE AND TIME OF LATEST TRANSACTION
control field 20260515114543.0
008 - FIXED-LENGTH DATA ELEMENTS--GENERAL INFORMATION
fixed length control field 170314n ii |||gr||||Z||||||asm
020 ## - INTERNATIONAL STANDARD BOOK NUMBER
International Standard Book Number 8123735243
040 ## - CATALOGING SOURCE
Transcribing agency MAIN
041 ## - LANGUAGE CODE
Language code of text/sound track or separate title asm
082 ## - DEWEY DECIMAL CLASSIFICATION NUMBER
Classification number 370
100 ## - MAIN ENTRY--PERSONAL NAME
Personal name Mekiguchi, Chunejabur,
Relator term Author.
245 ## - TITLE STATEMENT
Title Srijanimulok jibanar babe siksha
Statement of responsibility, etc. By Chunejabur Mekiguchi
260 ## - PUBLICATION, DISTRIBUTION, ETC.
Place of publication, distribution, etc. New Delhi:
Name of publisher, distributor, etc. NBT,
Date of publication, distribution, etc. 2001.
300 ## - PHYSICAL DESCRIPTION
Extent 196p.
653 ## - INDEX TERM--UNCONTROLLED
Uncontrolled term Education
700 ## - ADDED ENTRY--PERSONAL NAME
Personal name Dutta, Binita,1
Relator term Translator.
942 ## - ADDED ENTRY ELEMENTS (KOHA)
Koha item type Books
Holdings
Withdrawn status Lost status Damaged status Not for loan Home library Current library Shelving location Date acquired Total checkouts Full call number Barcode Date last seen Copy number Price effective from Koha item type
        Naharkatiya College Library Naharkatiya College Library General stacks 09/19/2020   370 | MEK 16811 09/19/2020 1 09/19/2020 Books